000 00514nam a2200229Ia 4500
003 IT-RoPAU
008 120407s9999 xx 000 0 und d
040 _aIT-RoPAU
040 _cIT-RoPAU
041 _aita
100 _aFilippo Selvaggi
245 _aValore e metodo della scienza
250 _aRoma
260 _aColetti
260 _c1952
300 _a155 p.
300 _c21 cm
490 _a"Corsi di aggior.scient. dell’Anton. in Padova "
490 _v4
942 _cBK
999 _c26230
_d26230